LEADER 01015nam--2200337---450- 001 990000924670203316 035 $a0092467 035 $aUSA010092467 035 $a(ALEPH)000092467USA01 035 $a0092467 100 $a20020130d1995----km-y0itay0103----ba 101 $aita 102 $aIT 105 $a||||||||001yy 200 1 $aOmaggio ad Antonioni, Wenders$ela poesia delle immagini 210 $aSorrento$cCentro di studi e ricerche Bartolomeo Capasso$d1995 215 $a32 p.$cill.$d27 cm 300 $aIn cop.: Cittą di Sorrento, un incontro per gli incontri 300 $aMostra tenuta nel 1995 410 $12001 676 $a791.430233092 801 0$aIT$bsalbc$gISBD 912 $a990000924670203316 951 $aVII C MISC.1/6$b130547 LM$cVII C MISC 959 $aBK 969 $aUMA 979 $aPATTY$b90$c20020130$lUSA01$h0856 979 $c20020403$lUSA01$h1735 979 $aPATRY$b90$c20040406$lUSA01$h1704 996 $aOmaggio ad Antonioni, Wenders$9971348 997 $aUNISA LEADER 02080nam 2200445Ia 450 001 9910459902403321 005 20210426190726.0 010 $a0-8133-4569-3 035 $a(CKB)2670000000069343 035 $a(EBL)625142 035 $a(OCoLC)697122363 035 $a(MiAaPQ)EBC625142 035 $a(EXLCZ)992670000000069343 100 $a20020318d2002 uy 0 101 0 $aeng 135 $aur|n|---||||| 200 14$aThe regional governing of metropolitan America$b[electronic resource] /$fDavid Y. Miller 210 $aBoulder, Colo. ;$aOxford $cWestview$d2002 215 $a1 online resource (178 p.) 225 1 $aEssentials of public policy and administration series 300 $aDescription based upon print version of record. 311 $a0-8133-9807-X 320 $aIncludes bibliographical references and index. 327 $aContents; Tables and Illustrations; Acknowledgments; 1; 2; 3; 4; 5; 6; 7; 8; References; Index 330 $aEconomic regions competing in a global marketplace may well describe the emerging organizing principle of metropolitan areas. Even though the concept of a metropolitan region is relatively new, the road to the metropolitan region travels through an area of well-established institutions and cultural values-the land of local government. This book is about the development of new ways of governing metropolitan regions in the United States within the context of the globalizing of the economy and the historical role and function of local government. 410 0$aEssentials of public policy and administration series. 606 $aMetropolitan government$zUnited States 606 $aMunicipal government$zUnited States 608 $aElectronic books. 615 0$aMetropolitan government 615 0$aMunicipal government 676 $a320.850973 700 $aMiller$b David Young$0914541 801 0$bMiAaPQ 801 1$bMiAaPQ 801 2$bMiAaPQ 906 $aBOOK 912 $a9910459902403321 996 $aThe regional governing of metropolitan America$92049594 997 $aUNINA